| 000 | 00332nam a22001217a 4500 | ||
|---|---|---|---|
| 082 | _a220 PRO | ||
| 100 |
_aSAAD,ASAD _972142 |
||
| 245 | _aPR-SOF-1112-THE DESIGN, ANALYSIS AND FABRICAITON OF TUBOLEXPANDERS | ||
| 260 |
_aISLAMABAD _bNUST COLLEGE OF EME _c2011 |
||
| 650 | _a DE-MECH-29 | ||
| 700 | _aDR MUHAMMAD AFZAAL | ||
| 942 | _cCR | ||
| 999 |
_c578306 _d578306 |
||